Welcher Ort ist nördlicher? #3 - Statistiken

Allgemein
  • Dieses Quiz wurde 56 mal gespielt
  • Das Durchschnittsergebnis liegt bei 6 aus 10
Antwortstatistiken
Frage Antwort % Korrekt
Und gleich nochmal. Riga
100%
Zurück nach Europa. Innsbruck
83%
Ab in den Süden! Johannesburg
83%
Schon wieder. Braunschweig
67%
Im hohen Norden. Oslo
67%
Sprung in der Erzählung. Buenos Aires
50%
Ich glaub, da muss echt mal was einfaches her. Venedig
50%
Wieder Deutschland? Naja, so halb. Warschau
50%
Das gibt es doch nicht. Bielefeld
33%
Das ist unglaublich knapp. Frankfurt am Main
33%
Keine übereinstimmenden Quizze gefunden
Verteilung der Resultate
Anzahl Personen mit jedem Resultat
Perzentil nach korrekt beantworteten Fragen
Ihre Resultats-Entwicklung
Sie haben dieses Quiz noch nicht gespielt